[Event "33. Senioren LEM Sachsen-Anhalt 65+"]
[Site "Maritim-Hotel Magdeburg"]
[Date "2025.07.11"]
[Round "5.33"]
[White "Bernhardt, Eduard"]
[Black "Zerfass, Otfried"]
[Result "1/2-1/2"]
[WhiteElo "1741"]
[BlackElo "1875"]
[PlyCount "102"]
[EventDate "2025.07.07"]
[WhiteTeam "VfB Ottersleben"]
[BlackTeam "UNION 1861 Schoenebeck"]

1. d4 Nf6 2. Nc3 g6 3. e4 d6 4. Bg5 Bg7 5. e5 Nfd7 6. Nf3 O-O 7. Bc4 Nb6 8. Bb3
Nc6 9. exd6 cxd6 10. Qd2 Bg4 11. Be3 Na5 12. Qd3 Nxb3 13. axb3 a6 14. h3 Bf5
15. Qd2 Rc8 16. h4 h5 17. Bh6 Qc7 18. Bxg7 Kxg7 19. d5 Qc5 20. Qd4+ Kg8 21. b4
Qc7 22. Rc1 Nc4 23. Nd2 Nxb2 24. Nce4 Nc4 25. c3 Ne5 26. O-O Qd7 27. Qe3 Kg7
28. Qd4 f6 29. f3 Rc7 30. f4 Ng4 31. Rf3 Rfc8 32. Re1 Kh7 33. Rc1 Nh6 34. Re1
Bg4 35. Rd3 Nf5 36. Nxf6+ exf6 37. Qxf6 Qg7 38. Qg5 Rxc3 39. Rxc3 Rxc3 40. Ne4
Re3 41. Nf6+ Kh8 42. Rc1 Ne7 43. Rc7 Re1+ 44. Kh2 Qf8 45. Rxb7 Bf5 46. Rb8 Bc8
47. f5 Re5 48. Rxc8 Nxc8 49. Qxg6 Re7 50. Qxh5+ Kg7 51. Qg6+ Kh8 1/2-1/2

[Event "33. Senioren LEM Sachsen-Anhalt 65+"]
[Site "Maritim-Hotel Magdeburg"]
[Date "2025.07.11"]
[Round "5.34"]
[White "Schwarz, Hans"]
[Black "Wulff, Ruediger"]
[Result "1-0"]
[WhiteElo "1858"]
[BlackElo "1654"]
[PlyCount "41"]
[EventDate "2025.07.07"]
[WhiteTeam "SV Rochade Magdeburg"]
[BlackTeam "Flechtinger Sportverein"]

1. e4 d5 2. exd5 Nf6 3. Nf3 Nxd5 4. d4 g6 5. Bc4 Bg7 6. c3 O-O 7. O-O b6 8. Bg5
Bb7 9. Qd2 Nf6 10. Qe2 Qd6 11. Nbd2 e6 12. Rfe1 Ng4 13. h3 Nf6 14. Rad1 Nbd7
15. Bh4 Nh5 16. Ne4 Qc6 17. d5 Qa4 18. Bb5 Qa5 19. Bxd7 exd5 20. Ng3 Rad8 21.
Bxd8 1-0

[Event "33. Senioren LEM Sachsen-Anhalt 65+"]
[Site "Maritim-Hotel Magdeburg"]
[Date "2025.07.11"]
[Round "5.35"]
[White "Suliga, Eckhard"]
[Black "Maechler, Frank"]
[Result "0-1"]
[WhiteElo "1585"]
[BlackElo "1848"]
[PlyCount "124"]
[EventDate "2025.07.07"]
[WhiteTeam "SC Turm Lueneburg"]
[BlackTeam "Naumburger Sportverein 1951"]

1. e4 d5 2. exd5 Qxd5 3. Nc3 Qd8 4. d4 Nf6 5. Nf3 g6 6. Be3 Bg7 7. Qd2 h5 8.
Bc4 e6 9. O-O-O a6 10. a3 c6 11. Ba2 Nbd7 12. h3 Nd5 13. Nxd5 cxd5 14. Kb1 Nf6
15. Qb4 b6 16. Ne5 Bd7 17. f3 a5 18. Qd2 Bb5 19. g4 Nd7 20. Bf4 Nxe5 21. Bxe5
Bxe5 22. dxe5 Qc7 23. f4 O-O-O 24. Qf2 Rh7 25. Rhe1 hxg4 26. hxg4 Rdh8 27. Rg1
Kb7 28. Rg2 Bc4 29. Qd4 Bxa2+ 30. Kxa2 Rh1 31. Rdd2 R8h3 32. Rd3 Qc5 33. Qxc5
bxc5 34. Rxh3 Rxh3 35. Rf2 Rg3 36. g5 Kb6 37. a4 d4 38. b3 Kc6 39. Rf1 Kd5 40.
c4+ Ke4 41. Kb2 Rg2+ 42. Kc1 d3 43. Rh1 d2+ 44. Kd1 Kxf4 45. Rf1+ Ke3 46. Rh1
Rxg5 47. Rh3+ Ke4 48. Kxd2 Kxe5 49. Rd3 Rg4 50. Rf3 f5 51. Rh3 f4 52. Rh8 Ke4
53. Re8 e5 54. Ra8 Rg2+ 55. Ke1 Rb2 56. Rxa5 Kd4 57. Rb5 e4 58. a5 f3 59. a6 e3
60. Kf1 Ra2 61. Rb6 f2 62. Re6 Ra1+ 0-1

[Event "33. Senioren LEM Sachsen-Anhalt 65+"]
[Site "Maritim-Hotel Magdeburg"]
[Date "2025.07.11"]
[Round "5.36"]
[White "Haelsig, Guenter"]
[Black "Wetterling, Manfred"]
[Result "1-0"]
[WhiteElo "1945"]
[BlackElo "1663"]
[PlyCount "173"]
[EventDate "2025.07.07"]
[WhiteTeam "USV Potsdam"]
[BlackTeam "Schachgemeinschaft Leipzig"]

1. Nf3 c5 2. b3 e6 3. Bb2 Nc6 4. e3 Nf6 5. Bb5 Be7 6. O-O O-O 7. Bxc6 bxc6 8.
Qe2 Ne4 9. d3 Bf6 10. c3 Ba6 11. Qc2 Ng5 12. Ne1 e5 13. c4 Ne6 14. Nf3 d6 15.
Nc3 d5 16. Rfd1 Ng5 17. Nxg5 Bxg5 18. Na4 Qd6 19. Ba3 dxc4 20. dxc4 Qg6 21.
Qxg6 fxg6 22. Nxc5 Be7 23. Rd7 Bxc5 24. Bxc5 Rf7 25. Rad1 Rxd7 26. Rxd7 Bc8 27.
Rxa7 Rxa7 28. Bxa7 Bf5 29. a3 Bc2 30. b4 Bd3 31. c5 Bb5 32. f3 Kf7 33. Bb8 Ke6
34. Kf2 g5 35. e4 Ba4 36. Ke3 h5 37. g3 g6 38. Bc7 Bb5 39. Bd8 g4 40. f4 Ba4
41. Bc7 exf4+ 42. Kxf4 Bc2 43. Ke3 Ba4 44. Kd4 Kd7 45. Bf4 Ke6 46. Be5 Bb5 47.
Bb8 Ba4 48. Ke3 g5 49. Kd4 h4 50. Be5 h3 51. Bc7 Kd7 52. Bb8 Ke6 53. Bd6 Bb5
54. Bf8 Kf7 55. Bd6 Ke6 56. Be5 Ba4 57. Bh8 Bb5 58. Kc3 Ba4 59. Kc4 Kf7 60. Bc3
Ke6 61. Kd4 Bb5 62. Ke3 Ke7 63. Kd4 Ke6 64. Bd2 Kf6 65. Bc1 Ba4 66. Bb2 Ke6 67.
Kc4 Ke7 68. Be5 Ke6 69. Kd4 Bb5 70. Bh8 Ba4 71. Kc4 Kf7 72. e5 Ke6 73. Bf6 Kf5
74. Kd4 Bb5 75. Kc3 Ba4 76. Kc4 Ke6 77. Kd4 Kf5 78. Bd8 Bb5 79. Bc7 Ke6 80. Ke4
Kd7 81. Bd6 Ke6 82. Bf8 Ba4 83. Bh6 Bc2+ 84. Kd4 Kf5 85. b5 cxb5 86. Kd5 Be4+
87. Kd6 1-0

[Event "33. Senioren LEM Sachsen-Anhalt 65+"]
[Site "Maritim-Hotel Magdeburg"]
[Date "2025.07.11"]
[Round "5.37"]
[White "Eberhardt, Michael"]
[Black "Krieg, Peter"]
[Result "0-1"]
[WhiteElo "1794"]
[BlackElo "1924"]
[PlyCount "82"]
[EventDate "2025.07.07"]
[WhiteTeam "SC Agon Neumuenster"]
[BlackTeam "SV Einheit Schwerin"]

1. e4 e5 2. Bc4 Nf6 3. d4 Nc6 4. Nf3 Bd6 5. dxe5 Bxe5 6. O-O O-O 7. Re1 h6 8.
Nxe5 Nxe5 9. Bb3 d6 10. Nc3 Be6 11. f4 Bxb3 12. axb3 Nc6 13. Be3 Re8 14. Qf3
Qd7 15. h3 a6 16. Rad1 Qe7 17. Bf2 Qf8 18. Bh4 Nh7 19. Nd5 Rac8 20. Qg4 Kh8 21.
Re3 f6 22. Rde1 Nd4 23. Qd1 Ne6 24. e5 dxe5 25. fxe5 f5 26. Qf3 g5 27. Bf2 c6
28. Nf6 Nxf6 29. exf6 Qxf6 30. Qe2 Ng7 31. Qc4 Rxe3 32. Rxe3 Rd8 33. Re1 Kh7
34. c3 b5 35. Qc5 Qd6 36. Qa7 Kg6 37. Qxa6 Ne6 38. Qa1 Nf4 39. Bd4 Qd5 40. Re6+
Nxe6 41. Qf1 Nxd4 0-1

[Event "33. Senioren LEM Sachsen-Anhalt 65+"]
[Site "Maritim-Hotel Magdeburg"]
[Date "2025.07.11"]
[Round "5.38"]
[White "Weigelt, Joachim"]
[Black "Zechel, Rolf-Ruediger"]
[Result "0-1"]
[WhiteElo "1782"]
[BlackElo "1855"]
[PlyCount "44"]
[EventDate "2025.07.07"]
[WhiteTeam "VfB 07 Lettin"]
[BlackTeam "SK Kaltenkirchen"]

1. e4 c5 2. c3 d5 3. exd5 Nf6 4. c4 e6 5. dxe6 Bxe6 6. Nf3 Nc6 7. Be2 Qc7 8.
Nc3 a6 9. b3 O-O-O 10. Bb2 Be7 11. Qc2 Nb4 12. Qc1 h5 13. a3 Nd3+ 14. Bxd3 Rxd3
15. O-O Ng4 16. g3 Rxf3 17. Qd1 Rd3 18. Ne2 Rhd8 19. Bc3 Bf6 20. Nf4 Bxc3 21.
Nxd3 Bxa1 22. Qxa1 Rxd3 0-1

[Event "33. Senioren LEM Sachsen-Anhalt 65+"]
[Site "Maritim-Hotel Magdeburg"]
[Date "2025.07.11"]
[Round "5.39"]
[White "Boettcher, Frank"]
[Black "Mertens, Lothar"]
[Result "1-0"]
[WhiteElo "1849"]
[BlackElo "1709"]
[PlyCount "47"]
[EventDate "2025.07.07"]
[WhiteTeam "USV Potsdam"]
[BlackTeam "VfL Kalbe/Milde"]

1. d4 Nf6 2. Nf3 d5 3. c4 e6 4. Bg5 Be7 5. Nc3 h6 6. Bh4 c6 7. e3 Nbd7 8. Rc1
a6 9. Be2 O-O 10. O-O b5 11. b3 Bb7 12. Bd3 Rc8 13. Re1 Re8 14. Bg3 Nh5 15. Be5
Nhf6 16. h3 Nxe5 17. Nxe5 Nd7 18. f4 Nxe5 19. fxe5 Bh4 20. Rf1 Qg5 21. Qf3 Rc7
22. Kh2 Qd8 23. g3 Be7 24. Qxf7+ 1-0

[Event "33. Senioren LEM Sachsen-Anhalt 65+"]
[Site "Maritim-Hotel Magdeburg"]
[Date "2025.07.11"]
[Round "5.40"]
[White "Peter, Volkhard"]
[Black "Sauter, Arthur"]
[Result "0-1"]
[WhiteElo "1750"]
[BlackElo "1841"]
[PlyCount "68"]
[EventDate "2025.07.07"]
[WhiteTeam "SV Einheit Schwerin"]
[BlackTeam "SV Irxleben 1919"]

1. e4 c5 2. d4 cxd4 3. c3 d5 4. Qxd4 dxe4 5. Qxd8+ Kxd8 6. Bc4 e6 7. Ne2 f5 8.
Bg5+ Be7 9. Bxe7+ Kxe7 10. Nd2 Nf6 11. O-O-O Nc6 12. h3 Ne5 13. Rhf1 a6 14. Kc2
b5 15. Bb3 Bb7 16. Nd4 Nd5 17. Kb1 Rhf8 18. c4 Nc7 19. cxb5 axb5 20. Rc1 Rfc8
21. Bd1 Bd5 22. N2b3 Nd3 23. Rc3 Bc4 24. Be2 Nd5 25. Rxc4 bxc4 26. Nd2 c3 27.
N2b3 cxb2 28. Bxd3 Nc3+ 29. Kxb2 Rxa2+ 30. Kc1 exd3 31. Re1 d2+ 32. Nxd2 Ra1+
33. Nb1 Rxb1+ 34. Kd2 Rxe1 0-1

[Event "33. Senioren LEM Sachsen-Anhalt 65+"]
[Site "Maritim-Hotel Magdeburg"]
[Date "2025.07.11"]
[Round "5.41"]
[White "Hauke, Hans"]
[Black "Kuehne, Juergen"]
[Result "1-0"]
[WhiteElo "1836"]
[BlackElo "1691"]
[PlyCount "59"]
[EventDate "2025.07.07"]
[WhiteTeam "Naumburger Sportverein 1951"]
[BlackTeam "SV Irxleben 1919"]

1. e4 c5 2. Nf3 Nc6 3. c3 Nf6 4. e5 Ng4 5. d4 cxd4 6. cxd4 d5 7. b3 Nh6 8. Bxh6
gxh6 9. Nc3 Bf5 10. Bd3 Bg6 11. Bxg6 hxg6 12. O-O e6 13. a3 Be7 14. Qd2 Bg5 15.
Nxg5 Qxg5 16. f4 Qd8 17. Nb5 Ke7 18. Rfd1 Qa5 19. Qd3 a6 20. Nd6 Qb6 21. b4 f6
22. Kh1 f5 23. Rab1 Nd8 24. Qg3 Nf7 25. Nxf7 Kxf7 26. Rbc1 Rac8 27. Qh4 Rc4 28.
Qf6+ Kg8 29. Rxc4 dxc4 30. d5 1-0

[Event "33. Senioren LEM Sachsen-Anhalt 65+"]
[Site "Maritim-Hotel Magdeburg"]
[Date "2025.07.11"]
[Round "5.42"]
[White "Schwenke, Norbert"]
[Black "Brandt, Joachim"]
[Result "1/2-1/2"]
[WhiteElo "1747"]
[BlackElo "1818"]
[PlyCount "61"]
[EventDate "2025.07.07"]
[WhiteTeam "SG Gruen-Weiss Dahlenwarsleben"]
[BlackTeam "UNION 1861 Schoenebeck"]

1. Nc3 e6 2. e4 d5 3. e5 c5 4. Nf3 Nc6 5. a3 Bd7 6. d3 Be7 7. Bd2 a6 8. Qc1 b5
9. Ne2 Rc8 10. Ng3 g6 11. Be2 h5 12. Bd1 Kf8 13. c3 Kg7 14. Be3 Nh6 15. Qd2 h4
16. Ne2 Ng4 17. d4 Nxe3 18. Qxe3 cxd4 19. cxd4 g5 20. h3 f5 21. exf6+ Bxf6 22.
Ne5 Ne7 23. b4 Nf5 24. Qd3 Be8 25. O-O Bxe5 26. dxe5 Bg6 27. Bc2 Ne7 28. Nd4
Bxd3 29. Nxe6+ Kh6 30. Nxd8 Rhxd8 31. Bxd3 1/2-1/2

[Event "33. Senioren LEM Sachsen-Anhalt 65+"]
[Site "Maritim-Hotel Magdeburg"]
[Date "2025.07.11"]
[Round "5.43"]
[White "Moews, Harald"]
[Black "Hensch, Frank"]
[Result "1-0"]
[WhiteElo "1800"]
[BlackElo "1592"]
[PlyCount "88"]
[EventDate "2025.07.07"]
[WhiteTeam "Ahrensburger TSV"]
[BlackTeam "Postsportverein Magdeburg v 1926"]

1. e4 b6 2. Bc4 e6 3. Nf3 d6 4. d4 h6 5. O-O Ba6 6. Bxa6 Nxa6 7. c3 Qd7 8. e5
d5 9. a3 c5 10. Be3 c4 11. g4 Be7 12. Kg2 b5 13. h4 g6 14. Kg3 Nc7 15. Rh1 Qd8
16. Nbd2 a6 17. h5 g5 18. Nh2 f6 19. f4 Kd7 20. Qc2 Qe8 21. Ndf3 Qf7 22. Raf1
Rh7 23. Rf2 Rg7 24. f5 Bd8 25. Kh3 Be7 26. Rhf1 Qe8 27. Bc1 Qc8 28. exf6 Nxf6
29. Ne5+ Ke8 30. Ng6 Ne4 31. Rf3 Rf7 32. fxe6 Rxf3+ 33. Nxf3 Nxe6 34. Nxe7 Kxe7
35. Ne5 Qb8 36. Rf7+ Ke8 37. Rf5 Ra7 38. Qg2 Rc7 39. Qf3 Nf4+ 40. Bxf4 gxf4 41.
Qxf4 Ng5+ 42. Kg2 Qb6 43. Rf6 Ne6 44. Qxh6 Re7 1-0

[Event "33. Senioren LEM Sachsen-Anhalt 65+"]
[Site "Maritim-Hotel Magdeburg"]
[Date "2025.07.11"]
[Round "5.44"]
[White "Watermann, Bernd"]
[Black "Gismann, Juergen"]
[Result "1-0"]
[WhiteElo "1726"]
[BlackElo "1810"]
[PlyCount "85"]
[EventDate "2025.07.07"]
[WhiteTeam "Sf Barsinghausen"]
[BlackTeam "USC Magdeburg"]

1. d4 d5 2. e3 Nc6 3. f4 Nf6 4. Nf3 Ne4 5. Bd3 e6 6. O-O Bd6 7. c3 O-O 8. Bd2
f5 9. Be1 Be7 10. Nbd2 Bf6 11. Ne5 Bd7 12. Rf3 Ne7 13. Rh3 Qe8 14. Ndf3 Ng6 15.
Nxg6 Qxg6 16. Ne5 Bxe5 17. dxe5 Nc5 18. Be2 Qf7 19. Bh4 Bc6 20. Bh5 g6 21. Bf3
Nd7 22. Qe1 Qe8 23. g4 Rf7 24. Qg3 Qf8 25. gxf5 Rxf5 26. Bg4 Nc5 27. Bxf5 Qxf5
28. b4 Ne4 29. Qg2 Nxc3 30. e4 Nxe4 31. Rf1 Nc3 32. Rxc3 d4 33. Rxc6 bxc6 34.
Qxc6 Rb8 35. Qxc7 Qg4+ 36. Bg3 Rxb4 37. Qd8+ Kf7 38. Qd7+ Kg8 39. Qe8+ Kg7 40.
Qe7+ Kg8 41. Qxb4 Qe2 42. Qb8+ Kf7 43. Qxa7+ 1-0

[Event "33. Senioren LEM Sachsen-Anhalt 65+"]
[Site "Maritim-Hotel Magdeburg"]
[Date "2025.07.11"]
[Round "5.45"]
[White "Brekenkamp, Juergen"]
[Black "Webel, Hartmut"]
[Result "1-0"]
[WhiteElo "1852"]
[BlackElo "1652"]
[PlyCount "45"]
[EventDate "2025.07.07"]
[WhiteTeam "SV Eintracht Tangerhuette"]
[BlackTeam "Krostitzer SV"]

1. d4 d5 2. c4 e6 3. Nc3 Nf6 4. cxd5 exd5 5. Bg5 Be7 6. Qc2 h6 7. Bh4 Nc6 8. e3
a6 9. Nf3 Nb4 10. Qb3 g5 11. Bg3 Bf5 12. Rc1 b5 13. a3 Nd3+ 14. Bxd3 Bxd3 15.
Nxd5 Bc4 16. Nxf6+ Bxf6 17. Qc2 c6 18. b3 Bd5 19. e4 Qe7 20. O-O Bxe4 21. Qc3
Bd5 22. Rfe1 Be6 23. Qxc6+ 1-0

[Event "33. Senioren LEM Sachsen-Anhalt 65+"]
[Site "Maritim-Hotel Magdeburg"]
[Date "2025.07.11"]
[Round "5.46"]
[White "Geyler, Stefan"]
[Black "Ogrisek, Gerd"]
[Result "1-0"]
[WhiteElo "1802"]
[BlackElo "1714"]
[PlyCount "65"]
[EventDate "2025.07.07"]
[WhiteTeam "BSG 1827 Eckbauer"]
[BlackTeam "SV Rochade Magdeburg"]

1. e4 c5 2. Nf3 d6 3. c3 Nf6 4. h3 Nc6 5. Bd3 e6 6. Bc2 Be7 7. O-O O-O 8. Re1
Qc7 9. d4 cxd4 10. cxd4 a6 11. Nc3 b5 12. a3 Bb7 13. e5 dxe5 14. dxe5 Nd5 15.
Nxd5 exd5 16. Qd3 g6 17. Bh6 Rfd8 18. Rac1 Bf8 19. Qe3 Qe7 20. Bg5 Qe6 21. Bxd8
Rxd8 22. Nd4 Nxd4 23. Qxd4 Bh6 24. Qh4 g5 25. Qg4 Qxg4 26. hxg4 Re8 27. Bf5 Bg7
28. e6 fxe6 29. Bxe6+ Kf8 30. Rc7 Ba8 31. Rf7+ Kg8 32. Re7+ Kf8 33. Rxe8+ 1-0

[Event "33. Senioren LEM Sachsen-Anhalt 65+"]
[Site "Maritim-Hotel Magdeburg"]
[Date "2025.07.11"]
[Round "5.48"]
[White "Briesemeister, Klaus"]
[Black "Klimpel, Siegfried"]
[Result "0-1"]
[WhiteElo "1640"]
[BlackElo "1764"]
[PlyCount "40"]
[EventDate "2025.07.07"]
[WhiteTeam "SV Lingen"]
[BlackTeam "TSV Kareth-Lappersdorf"]

1. d4 Nf6 2. Nc3 d5 3. Bg5 Nbd7 4. e3 h6 5. Bh4 e6 6. h3 Be7 7. g4 c5 8. dxc5
Nxc5 9. Nge2 Bd7 10. Bg2 Qb6 11. Rb1 Rd8 12. O-O O-O 13. Re1 g5 14. Bg3 Nfe4
15. Be5 f6 16. Bd4 Qc7 17. Nxe4 Nxe4 18. Bxe4 dxe4 19. Qc1 h5 20. gxh5 e5 0-1

[Event "33. Senioren LEM Sachsen-Anhalt 65+"]
[Site "Maritim-Hotel Magdeburg"]
[Date "2025.07.11"]
[Round "5.49"]
[White "Reicherter, Hermann"]
[Black "Freitag, Ingo"]
[Result "1/2-1/2"]
[WhiteElo "1735"]
[BlackElo "1625"]
[PlyCount "133"]
[EventDate "2025.07.07"]
[WhiteTeam "SC Grunbach"]
[BlackTeam "VfL Kalbe/Milde"]

1. e4 e5 2. Nc3 Nf6 3. Nf3 Nc6 4. a3 Be7 5. Bc4 d6 6. d3 a6 7. O-O O-O 8. b4 b5
9. Ba2 h6 10. Nd5 Nxd5 11. Bxd5 Bb7 12. c3 Rb8 13. Be3 Bf6 14. Kh1 Ne7 15. Ba2
d5 16. Qc2 c6 17. Rg1 Kh8 18. Bc5 Re8 19. Qe2 Nc8 20. g4 g5 21. Rg3 Bg7 22. Rh3
f6 23. Rh5 Ne7 24. Bxe7 Rxe7 25. h4 Kg8 26. hxg5 fxg5 27. Rg1 Kf8 28. Nd2 Qe8
29. Nb3 Bc8 30. Nc5 Qd8 31. Rg3 Be6 32. Kg2 Ra8 33. Rf3+ Kg8 34. Kg3 Bf7 35.
Rh1 Raa7 36. Re3 d4 37. Bxf7+ Rxf7 38. Rf3 dxc3 39. Rxf7 Rxf7 40. Rc1 Qd4 41.
Qe3 Bf6 42. Nb3 Qxe3+ 43. fxe3 Rc7 44. Rxc3 Be7 45. d4 Bd6 46. d5 cxd5 47. Rxc7
Bxc7 48. Kf3 dxe4+ 49. Kxe4 Bb6 50. Nc1 Kf7 51. Nd3 Ke6 52. Nb2 Kd6 53. a4 bxa4
54. Nxa4 Ba7 55. Nb2 Ke6 56. Nd3 Bb6 57. Nb2 Ba7 58. Na4 Kd6 59. Nc3 Ke6 60.
Nd5 Bb8 61. Nb6 Bd6 62. Nc4 Bxb4 63. Nxe5 a5 64. Nd3 Bd2 65. Nb2 Bc3 66. Na4
Bb4 67. Nb2 1/2-1/2

[Event "33. Senioren LEM Sachsen-Anhalt 65+"]
[Site "Maritim-Hotel Magdeburg"]
[Date "2025.07.11"]
[Round "5.50"]
[White "Langbein, Wolfgang"]
[Black "Zimmer, Franz"]
[Result "0-1"]
[WhiteElo "1531"]
[BlackElo "1727"]
[PlyCount "68"]
[EventDate "2025.07.07"]
[WhiteTeam "PSV Ribnitz-Damgarten"]
[BlackTeam "SG Trier 1877"]

1. c4 Nf6 2. d4 e6 3. Nc3 d5 4. c5 Be7 5. Nf3 O-O 6. g3 b6 7. b4 bxc5 8. bxc5
c6 9. Qa4 Bb7 10. Rb1 Qc8 11. e3 Nbd7 12. a3 Qc7 13. Bd3 Rfb8 14. Qc2 h6 15.
O-O Bc8 16. Rxb8 Rxb8 17. e4 e5 18. dxe5 dxe4 19. Nxe4 Nxe4 20. Bxe4 Nxc5 21.
Bh7+ Kh8 22. Bf4 Ne6 23. Bc1 Bb7 24. Qc3 Kxh7 25. a4 Rd8 26. Be3 a5 27. Qc2+
Kg8 28. h4 c5 29. Qe2 Qc6 30. Kg2 Ba6 31. Qe1 Bxf1+ 32. Qxf1 Qxa4 33. Nd2 Qc2
34. Qc4 Rxd2 0-1

[Event "33. Senioren LEM Sachsen-Anhalt 65+"]
[Site "Maritim-Hotel Magdeburg"]
[Date "2025.07.11"]
[Round "5.51"]
[White "Winkler, Georg"]
[Black "Gieseke, Karl-Heinz"]
[Result "1-0"]
[WhiteElo "1724"]
[BlackElo "1594"]
[PlyCount "49"]
[EventDate "2025.07.07"]
[WhiteTeam "SV Apelnstedt"]
[BlackTeam "SG Schoeningen JFZ-I"]

1. e4 g6 2. Nf3 d6 3. Bc4 e5 4. d3 Bg7 5. Bg5 Bf6 6. Qc1 h6 7. Bxf6 Qxf6 8. Nc3
c6 9. Qe3 Nd7 10. d4 Qg7 11. d5 Ne7 12. dxc6 bxc6 13. Rd1 Qf6 14. Qd2 Nb6 15.
Bb3 d5 16. exd5 cxd5 17. Nxd5 Nexd5 18. Bxd5 Nxd5 19. Qxd5 Rb8 20. Nxe5 O-O 21.
O-O Qa6 22. Qd4 Bf5 23. Nd7 Rfd8 24. Nf6+ Kg7 25. Nh5+ 1-0

[Event "33. Senioren LEM Sachsen-Anhalt 65+"]
[Site "Maritim-Hotel Magdeburg"]
[Date "2025.07.11"]
[Round "5.52"]
[White "Langner, Hans-Rainer"]
[Black "Konig, Jon"]
[Result "1/2-1/2"]
[WhiteElo "1721"]
[BlackElo "1505"]
[PlyCount "89"]
[EventDate "2025.07.07"]
[WhiteTeam "TSV Mariendorf 1897"]

1. d4 f5 2. Nc3 e6 3. e4 fxe4 4. Nxe4 g6 5. Nf3 Bg7 6. c3 Nf6 7. Bd3 O-O 8. h3
b6 9. g4 Bb7 10. Bg5 Qe8 11. Qe2 d6 12. Rh2 Qc6 13. Nxf6+ Bxf6 14. Qxe6+ Rf7
15. Bc4 d5 16. Qxc6 Bxc6 17. Bb3 Re7+ 18. Kd2 Bxg5+ 19. Nxg5 Nd7 20. Re1 Rae8
21. Rxe7 Rxe7 22. f4 Nf6 23. Bc2 Bd7 24. Re2 Rxe2+ 25. Kxe2 Kg7 26. Ke3 h5 27.
gxh5 Nxh5 28. h4 Nf6 29. b3 Ne8 30. Nf3 Nd6 31. Kf2 Kf6 32. Ne5 Bf5 33. Bxf5
Nxf5 34. Nf3 c5 35. Kg2 Ne3+ 36. Kg3 Kf5 37. Nd2 Nd1 38. c4 dxc4 39. Nxc4 cxd4
40. Nd6+ Ke6 41. Nc4 Kf5 42. Kf3 Nc3 43. a3 Ne4 44. b4 b5 45. Ne5 1/2-1/2

[Event "33. Senioren LEM Sachsen-Anhalt 65+"]
[Site "Maritim-Hotel Magdeburg"]
[Date "2025.07.11"]
[Round "5.53"]
[White "Stratmann, Alois"]
[Black "Scholder, Helmut"]
[Result "1/2-1/2"]
[WhiteElo "1681"]
[BlackElo "1614"]
[PlyCount "41"]
[EventDate "2025.07.07"]
[WhiteTeam "Schachverein Ahlen 1954"]
[BlackTeam "Schachklub Minden 08"]

1. Nf3 e6 2. b3 c6 3. Bb2 d5 4. e3 Nf6 5. Be2 Bd6 6. d4 O-O 7. Nbd2 Nbd7 8. O-O
Re8 9. c4 b6 10. Ne5 Bb7 11. Rc1 c5 12. Nxd7 Qxd7 13. dxc5 bxc5 14. Bxf6 gxf6
15. Nf3 Kh8 16. a4 Rg8 17. g3 Rab8 18. Nh4 Qc6 19. cxd5 Qxd5 20. Qxd5 Bxd5 21.
Bc4 1/2-1/2

[Event "33. Senioren LEM Sachsen-Anhalt 65+"]
[Site "Maritim-Hotel Magdeburg"]
[Date "2025.07.11"]
[Round "5.54"]
[White "Schiefer, Joerg"]
[Black "Geibel, Henning"]
[Result "1/2-1/2"]
[WhiteElo "1637"]
[BlackElo "1571"]
[PlyCount "110"]
[EventDate "2025.07.07"]
[WhiteTeam "USC Magdeburg"]
[BlackTeam "Ahrensburger TSV"]

1. e4 e5 2. Bc4 Nf6 3. Qf3 Nc6 4. Ne2 Nb4 5. Qb3 Qe7 6. d3 Nc6 7. Ng3 Nd4 8.
Qa4 Qb4+ 9. Qxb4 Bxb4+ 10. Kd1 Bc5 11. c3 Nc6 12. Be3 Bxe3 13. fxe3 Ng4 14. Ke2
O-O 15. h3 Nf6 16. b4 a6 17. a4 d6 18. Nd2 h5 19. Raf1 h4 20. Nf5 Bxf5 21. Rxf5
Ne7 22. Rg5 c6 23. Rf1 Ng6 24. Rxf6 gxf6 25. Rxg6+ Kh7 26. Rxf6 Kg7 27. Rxd6 b5
28. Bb3 Rac8 29. a5 f5 30. Nf3 fxe4 31. dxe4 Rf6 32. Nxh4 Rxd6 33. Nf5+ Kf6 34.
Nxd6 Rh8 35. Kf3 Rd8 36. h4 Rxd6 37. Ke2 Kg7 38. g4 Kh6 39. Bf7 Kg7 40. Be8 Rh6
41. h5 Rh8 42. Bd7 Kf6 43. Bxc6 Rc8 44. Bb7 Rxc3 45. Bxa6 Rb3 46. Bxb5 Rxb4 47.
Bd3 Kg5 48. Kf3 Rb8 49. a6 Rf8+ 50. Kg3 Re8 51. Bc4 Rc8 52. Bd5 Rc3 53. Kf3 Ra3
54. Bb7 Ra1 55. Kg3 Ra3 1/2-1/2

[Event "33. Senioren LEM Sachsen-Anhalt 65+"]
[Site "Maritim-Hotel Magdeburg"]
[Date "2025.07.11"]
[Round "5.55"]
[White "Rosenkranz, Richard"]
[Black "Ludwig, Richard"]
[Result "1/2-1/2"]
[WhiteElo "1592"]
[BlackElo "1631"]
[PlyCount "20"]
[EventDate "2025.07.07"]
[WhiteTeam "Haldensleber Sportclub"]
[BlackTeam "SV Irxleben 1919"]

1. e4 Nf6 2. Nc3 d5 3. d3 e5 4. Bg5 d4 5. Nd5 Be7 6. Bxf6 Bxf6 7. Nxf6+ Qxf6 8.
Qf3 Nd7 9. Qxf6 Nxf6 10. Nf3 O-O 1/2-1/2